00569nam a2200157Ia 4500003000900000008004100009040001600050080001400066110003300080245017400113260005000287300001600337650001900353650002500372650001400397IN-BaIIA211028s9999 xx 000 0 eng d cIIA Library a83.7bISI aIndian Standards Institution 0aExplanatory Handbook on Indian Standard Code of PLractice for Plain and Reinforced Concrete : Is : 456-1978cIndian Standards Institution  aNew DelhibIndian Standards Institutionc1984 axviii, 64p. aNASA Thesaurus aReinforced Concretes aStandards